Statistics for Top 15 Most Populous Cities in Florida

Click here to take the quiz!

General Stats

  • This quiz has been taken 27 times
  • The average score is 9 of 15

Answer Stats

PopulationCity% Correct
440,807Miami
100%
302,968Orlando
100%
937,690Jacksonville
96%
380,476Tampa
96%
195,057Tallahassee
85%
258,245St. Petersburg
81%
182,247Fort Lauderdale
77%
138,741Gainesville
50%
224,362Hialeah
42%
152,597Hollywood
42%
193,003Cape Coral
27%
133,693Coral Springs
23%
202,177Port St. Lucie
19%
134,306Miramar
15%
170,346Pembroke Pines
15%

Score Distribution

Percentile by Number Answered

Percent of People with Each Score

Your Score History

You have not taken this quiz